Applied regression analysis (Record no. 233814)
[ view plain ]
| 000 -LEADER | |
|---|---|
| fixed length control field | 01251nam a22002297a 4500 |
| 005 - DATE AND TIME OF LATEST TRANSACTION | |
| control field | 20250217114930.0 |
| 008 - FIXED-LENGTH DATA ELEMENTS--GENERAL INFORMATION | |
| fixed length control field | 250217b ||||| |||| 00| 0 eng d |
| 020 ## - INTERNATIONAL STANDARD BOOK NUMBER | |
| International Standard Book Number | 9788126531738 |
| 040 ## - CATALOGING SOURCE | |
| Transcribing agency | AL |
| 041 ## - LANGUAGE CODE | |
| Language code of text/sound track or separate title | eng |
| 082 ## - DEWEY DECIMAL CLASSIFICATION NUMBER | |
| Edition number | 23 |
| Classification number | 519.536 |
| Item number | DRAA |
| 100 ## - MAIN ENTRY--PERSONAL NAME | |
| Personal name | Norman, R Draper |
| 9 (RLIN) | 200267 |
| 245 ## - TITLE STATEMENT | |
| Title | Applied regression analysis |
| Remainder of title | :it is illegal under Indian law to export this book from India |
| 250 ## - EDITION STATEMENT | |
| Edition statement | 3rd ed. |
| 260 ## - PUBLICATION, DISTRIBUTION, ETC. | |
| Place of publication, distribution, etc. | New Delhi |
| Name of publisher, distributor, etc. | Wiley |
| Date of publication, distribution, etc. | 1998 |
| 300 ## - PHYSICAL DESCRIPTION | |
| Extent | xvii,706p. |
| Other physical details | PB |
| Dimensions | 25x17cm. |
| 365 ## - TRADE PRICE | |
| Source of price type code | General |
| Price type code | 6388 |
| Price amount | ₹1036.00 |
| Currency code | ₹ |
| Unit of pricing | ₹1295.00 |
| Price note | 20% |
| Price effective from | 06/02/2025 |
| 520 ## - SUMMARY, ETC. | |
| Summary, etc. | Fitting a straight line by least squares; checking the straight line fit; Fitting straight Lins: special topics; regression in matrix terms: straight line case; the general regression situation; extra sums of squares and tests for several parameters being zero; serial correlation in the residuals and the Durbin -Watson test; more on checking fitted models; multiple regression: special topics; bias in regression estimates, and expected and expected values of mean squares and sums of squares; on worthwhile regressions ,big f's and r2; |
| 650 ## - SUBJECT ADDED ENTRY--TOPICAL TERM | |
| Source of heading or term | Probabilities |
| Topical term or geographic name entry element | applied mathematics |
| 9 (RLIN) | 200268 |
| 700 ## - ADDED ENTRY--PERSONAL NAME | |
| Personal name | Harry Smith |
| 9 (RLIN) | 200269 |
| 942 ## - ADDED ENTRY ELEMENTS (KOHA) | |
| Source of classification or shelving scheme | Dewey Decimal Classification |
| Koha item type | Book |
| Withdrawn status | Lost status | Source of classification or shelving scheme | Damaged status | Not for loan | Collection code | Home library | Current library | Date acquired | Source of acquisition | Cost, normal purchase price | Total Checkouts | Full call number | Barcode | Date last seen | Cost, replacement price | Price effective from | Koha item type |
|---|---|---|---|---|---|---|---|---|---|---|---|---|---|---|---|---|---|
| Dewey Decimal Classification | Mathematics | St Aloysius PG Library | St Aloysius PG Library | 02/10/2025 | Biblios Book Point | 1036.00 | 519.536 DRAA | PG024851 | 02/17/2025 | 1295.00 | 06/02/2025 | Book |